Научное исследование: объект, направление, метод

Մատենագիտական մանրամասներ
Հիմնական հեղինակ: Пальческий Б. А. Богдан Алексеевич
Այլ հեղինակներ: Плоткин Я. Д. (редактор)
Լեզու:ռուսերեն
Հրապարակվել է: Львов, Вища школа, 1979
Խորագրեր:
Ձևաչափ: Գիրք
KOHA link:https://koha.lib.tpu.ru/cgi-bin/koha/opac-detail.pl?biblionumber=368097

MARC

LEADER 00000nam0a2200000 4500
001 368097
005 20231102012041.0
035 |a (RuTPU)RU\TPU\retro\25460 
090 |a 368097 
100 |a 20220330d1979 km y0rusy50 ca 
101 0 |a rus 
102 |a UA 
105 |a a z 001zy 
200 1 |a Научное исследование: объект, направление, метод  |f Б. А. Пальческий  |g под ред. Я. Д. Плоткин 
210 |a Львов  |c Вища школа  |d 1979 
215 |a 180 с.  |c ил. 
320 |a Библиогр.: с. 175-177 
606 1 |a Научные исследования  |2 stltpush  |3 (RuTPU)RU\TPU\subj\76141  |9 87512 
610 1 |a методика 
610 1 |a проведение 
610 1 |a результаты 
610 1 |a внедрение 
610 1 |a экспериментальные исследования 
610 1 |a комплексные исследования 
610 1 |a планирование 
686 |a Ч215  |v LBC/SL-A  |2 rubbk 
700 1 |a Пальческий  |b Б. А.  |g Богдан Алексеевич 
702 1 |a Плоткин  |b Я. Д.  |4 340 
801 1 |a RU  |b 63413507  |c 20220330 
942 |c BK